Criteria for identification of tribal groups in today's IndiaH (Record no. 86939)

000 -LEADER
fixed length control field 00411pab a2200169 454500
008 - FIXED-LENGTH DATA ELEMENTS--GENERAL INFORMATION
fixed length control field 180718b2008 xxu||||| |||| 00| 0 eng d
100 ## - MAIN ENTRY--PERSONAL NAME
Personal name ooja, MeenakshiT
245 ## - TITLE STATEMENT
Title Criteria for identification of tribal groups in today's IndiaH
260 ## - PUBLICATION, DISTRIBUTION, ETC.
Date of publication, distribution, etc. 2008
300 ## - PHYSICAL DESCRIPTION
Extent .38-43.N
362 ## - DATES OF PUBLICATION AND/OR SEQUENTIAL DESIGNATION
Dates of publication and/or sequential designation Jan-Jun
650 ## - SUBJECT ADDED ENTRY--TOPICAL TERM
Topical term or geographic name entry element Tribes - Indiap
650 ## - SUBJECT ADDED ENTRY--TOPICAL TERM
Topical term or geographic name entry element ribes
773 ## - HOST ITEM ENTRY
Main entry heading Prashasnika
908 ## - PUT COMMAND PARAMETER (RLIN)
Put command parameter
909 ## -
-- 86939
Holdings
Withdrawn status Lost status Damaged status Not for loan Permanent Location Current Location Date acquired Serial Enumeration / chronology Barcode Date last seen Price effective from Koha item type
        Indian Institute of Public Administration Indian Institute of Public Administration 2018-07-19 Volume no: 35, Issue no: 1 AR87399 2018-07-19 2018-07-19 Articles

Powered by Koha